Primer Sínodo de la diócesis de Valparaíso
Guardado en:
| Formato: | Libro |
|---|---|
| Lenguaje: | español |
| Publicado: |
Valparaíso
Universitarias de Valparaíso
1990
|
| Materias: | |
| Etiquetas: |
Agregar Etiqueta
Sin Etiquetas, Sea el primero en etiquetar este registro!
|
MARC
| LEADER | 00000nam a2200000 a 4500 | ||
|---|---|---|---|
| 001 | UCV1632 | ||
| 003 | CL-VaPUC | ||
| 008 | 900905e19900000CL |||||||||||||||||spa|d | ||
| 082 | 0 | 4 | |a 262.4 |b PRI |2 21 |
| 245 | 1 | 0 | |a Primer Sínodo de la diócesis de Valparaíso |
| 300 | |a 184 p | ||
| 942 | |c BK | ||
| 945 | |d 19900905 00:00:00 | ||
| 260 | |a Valparaíso |b Universitarias de Valparaíso |c 1990 | ||
| 650 | 7 | |a CONCILIOS Y SINODOS DIOCESANOS |2 CL-VaPUC |9 256758 | |
| 651 | 7 | |a CHILE |2 CL-VaPUC |9 295933 | |
| 651 | 0 | |a Valparaíso, Chile |9 261144 | |
| 583 | |a last modification |c 19900905 00:00:00 |k Rodrigo Vera | ||
| 999 | |c 209551 |d 209549 | ||
| 952 | |0 0 |1 0 |4 0 |6 262_400000000000000_PRI_1990 |7 0 |8 A |9 185026 |a BIBTEO |b BIBTEO |d 2019-11-14 |i 252340K |o 262.4 PRI 1990 |p 252340K |r 2025-01-17 |w 2019-11-14 |y BK |k ICR | ||
| 952 | |0 0 |1 0 |4 0 |6 262_400000000000000_PRI_1990 |7 0 |8 DER_HDC |9 185027 |a BIBDER |b BIBDER |d 2019-11-14 |i 2523418 |o 262.4 PRI 1990 |p 2523418 |r 2023-01-25 |w 2019-11-14 |x Ubicación 4to Piso |y BK |z Estos recursos deben solicitarse con anticipación |k DER | ||
| 952 | |0 0 |1 0 |4 0 |6 262_400000000000000_PRI_1990 |7 0 |8 A |9 185028 |a BIBTEO |b BIBTEO |d 2019-11-14 |i 3095223 |o 262.4 PRI 1990 |p 3095223 |r 2025-01-17 |w 2019-11-14 |y BK |k ICR | ||
| 952 | |0 0 |1 0 |4 0 |6 262_400000000000000_PRI_1990 |7 0 |8 A |9 185029 |a BIBTEO |b BIBTEO |d 2019-11-14 |i 3791939 |o 262.4 PRI 1990 |p 3791939 |r 2025-01-17 |w 2019-11-14 |y BK |k ICR | ||